Desarrollo y dinámica de ocupación territorial /
保存先:
| 第一著者: | |
|---|---|
| フォーマット: | テキスト |
| 主題: | |
| タグ: |
タグ追加
タグなし, このレコードへの初めてのタグを付けませんか!
|
MARC
| LEADER | 00000 a a2200000 04500 | ||
|---|---|---|---|
| 001 | 16161 | ||
| 003 | |||
| 040 | |||
| 100 | |a Molina Chocano, Guillermo | ||
| 245 | |a Desarrollo y dinámica de ocupación territorial / |c Guillermo Molina Chocano | ||
| 650 | |a ADMINISTRACION DE TIERRAS | ||
| 650 | |a DESARROLLO AGROPECUARIO | ||
| 650 | |a ECONOMIA AGRICOLA | ||
| 650 | |a PLANIFICACION REGIONAL | ||
| 650 | |a DESARROLLO SOSTENIBLE | ||
| 650 | |a PLANIFICACION REGIONAL | ||
| 650 | |a SALUD | ||
| 650 | |a EDUCACION | ||
| 650 | |a NUTRICION | ||
| 773 | |g número 52; páginas 9-34 | ||
| 999 | |c 20999 |d 20999 | ||
| 773 | 0 | |0 43159 |9 8602 |a Banco Centroamericano de Integración Económica. |d Honduras: BCIE, 1971- |o 22843 |t Revista de la Integración y el Desarrollo de Centroamérica / | |
